Statistics for Tom Hanks Movies Quiz

Click here to take the quiz!

General Stats

  • This quiz has been taken 41,390 times
    (11,792 since last reset)
  • The average score is 13 of 19

Answer Stats

Description Movie % Correct
Mentally-challenged Southerner finds himself a part of many
historical events of the 20th century
Forrest Gump
98%
Cowboy toy feels threatened by the new spaceman toyToy Story
96%
American soldiers must save a man whose three brothers have all been killedSaving Private Ryan
91%
After making a wish, a boy wakes up in the body of a fully-grown manBig
80%
Death row felon can heal people with magicThe Green Mile
79%
Man and his volleyball are stranded on a tropical islandCast Away
79%
Houston problem solvers must help save a wounded spacecraftApollo 13
78%
Harvard symbologist must battle Catholic thugs to discover the truth about the holy grailThe Da Vinci Code
73%
HIV-positive man sues for wrongful terminationPhiladelphia
72%
FBI agent is on the trail of check-forging genius Frank AbagnaleCatch Me If You Can
71%
Rival book store owners fall in love thanks to AOLYou've Got Mail
70%
Pacific Northwest architect finds true love after his son calls in to a radio showSleepless in Seattle
67%
Man has to live in an airport because his country no longer existsThe Terminal
63%
Mustachioed pilot heroically crash-lands a plane after it is struck by birdsSully
62%
Prickly American sea captain helps protect his crew from Somali piratesCaptain Phillips
62%
Female baseball players have a professional league during WWIIA League of Their Own
56%
Obsessively neat detective and huge slobbering dog are the perfect crime-fighting duoTurner & Hooch
50%
Terminally ill man volunteers to sacrifice himself to appease an angry volcanoJoe Versus the Volcano
44%
Zany mishaps make for a wild and crazy bachelor partyBachelor Party
27%

Score Distribution

Percentile by Number Answered

Percent of People with Each Score

Your Score History

You have not taken this quiz since the last reset